Memoria sobre los resultados generales con que los pueblos antiguos han contribuido a la civilización de la humanidad
সংরক্ষণ করুন:
| প্রধান লেখক: | |
|---|---|
| বিন্যাস: | গ্রন্থ |
| ভাষা: | স্প্যানিশ |
| প্রকাশিত: |
Buenos Aires
Nova
1943
|
| মালা: | Los Historiadores Ilustres
|
| বিষয়গুলি: | |
| ট্যাগগুলো: |
ট্যাগ যুক্ত করুন
কোনো ট্যাগ নেই, প্রথমজন হিসাবে ট্যাগ করুন!
|
MARC
| LEADER | 00000nam a2200000 a 4500 | ||
|---|---|---|---|
| 001 | UCP7857 | ||
| 003 | CL-VaPUC | ||
| 008 | 000106e19430000AG |||||||||||||||||spa|d | ||
| 082 | 0 | 4 | |a 930 |b LOP |2 21 |
| 100 | |a López, Vicente Fidel |e autor |9 437510 | ||
| 245 | 1 | 0 | |a Memoria sobre los resultados generales con que los pueblos antiguos han contribuido a la civilización de la humanidad |
| 300 | |a 126 p | ||
| 942 | |c BK | ||
| 945 | |d 20000106 00:00:00 |a rherrera | ||
| 260 | |a Buenos Aires |b Nova |c 1943 | ||
| 650 | 0 | |a Civilizaciones antiguas |9 265998 | |
| 650 | 0 | |a Prehistoria |9 316557 | |
| 650 | 0 | |a Aportes |9 437511 | |
| 650 | 7 | |a INFLUENCIAS |2 CL-VaPUC |9 392669 | |
| 583 | |a last modification |c 20000106 00:00:00 |k Rodrigo Vera | ||
| 490 | 0 | |a Los Historiadores Ilustres | |
| 999 | |c 284895 |d 284893 | ||
| 952 | |0 0 |1 0 |4 0 |6 930_000000000000000_LOP_1943 |7 0 |8 X |9 329196 |a BIBHIS |b BIBHIS |d 2019-11-20 |i 1376497 |o 930 LOP 1943 |p 1376497 |r 2024-01-30 |w 2019-11-20 |y BK_X |k HIS | ||